| 000 | 00000nas 2200000za 4500 |
| 001 | 9.506842 |
| 003 | CaOODSP |
| 005 | 20221107133713 |
| 007 | cr ||||||||||| |
| 008 | 150406d19881997onc x p o||||f0 |0eng|d |
| 022 | |a1701-8730 |
| 040 | |aCaOODSP|beng |
| 043 | |an-cn--- |
| 086 | 1 |aIN3-21E-PDF |
| 130 | 0 |aCanada Pension Plan, ... actuarial report as at ... (Online) |
| 210 | 0 |aCan. Pension Plan actuar. rep. |
| 222 | 0|aCanada Pension Plan, ... actuarial report |
| 245 | 00|aCanada Pension Plan, ... actuarial report as at ... |h[electronic resource] |
| 260 | |a[Ottawa : |bOffice of the Superintendent of Financial Institutions,|c198--1998] |
| 310 | |aIrregular |
| 362 | 1 |a11th (1988) - 17th (1997) |
| 690 | 07|aPublic pensions|2gcpds |
| 710 | 2 |aOffice of the Superintendent of Financial Institutions Canada. |
| 775 | 08|tRégime de pensions du Canada, ... rapport actuariel au ... |w(CaOODSP)9.503238 |
| 780 | 00|tCanada Pension Plan statutory actuarial report no. ... as at ... |w(CaOODSP)9.506841 |
| 785 | 00|tActuarial report ... on the Canada Pension Plan as at ... |w(CaOODSP)9.506158 |